[Event "Vaxjo op"]
[Site "Vaxjo"]
[Date "2015.02.13"]
[Round "2"]
[White "Olofsson Dolk, Mattis"]
[Black "Thornblad, Erik"]
[Result "1-0"]
[WhiteElo "2228"]
[BlackElo "1970"]
[PlyCount "55"]
[EventDate "2015.02.13"]
[EventType "swiss"]
[EventRounds "8"]
[EventCountry "SWE"]
[SourceTitle "CBM 164 Extra"]
[Source "ChessBase"]
[SourceDate "2015.03.02"]
[SourceVersion "1"]
[SourceVersionDate "2015.03.02"]
[SourceQuality "1"]

1. e4 d6 2. d4 Nf6 3. Nc3 g6 4. f4 Bg7 5. Nf3 c5 6. Bb5+ Bd7 7. Bxd7+ Nfxd7 8. d5 b5 9. Nxb5 Qa5+ 10. Nc3 Bxc3+ 11. bxc3 Qxc3+ 12. Bd2 Qc4 13. Qe2 Nb6 14. a4 N8d7 15. a5 Qxe2+ 16. Kxe2 Nc8 17. Rhb1 Nf6 18. Bc3 0-0 19. Bxf6 exf6 20. Nd2 Re8 21. Kf3 f5 22. Rb7 Ne7 23. c4 fxe4+ 24. Nxe4 Nf5 25. Nf6+ Kf8 26. Nxe8 Kxe8 27. Rab1 Nd4+ 28. Kf2 1-0